ბათუმის შოთა რუსთაველის სახელმწიფო უნივერსიტეტის ბიბლიოთეკა

Textbook of biochemistry for medical students / (ბიბ.ჩანაწერი № 62207)

000 -LEADER
fixed length control field 00607nam a22001937a 4500
005 - DATE AND TIME OF LATEST TRANSACTION
control field 20240801172025.0
008 - FIXED-LENGTH DATA ELEMENTS--GENERAL INFORMATION
fixed length control field 240801s2008 en ||||| |||| 00| 0 eng d
020 ## - INTERNATIONAL STANDARD BOOK NUMBER
International Standard Book Number 9788184481242 X
041 ## - LANGUAGE CODE
Language code of text/sound track or separate title eng
080 ## - UNIVERSAL DECIMAL CLASSIFICATION NUMBER
Universal Decimal Classification number 577.1+61 V-30
100 ## - MAIN ENTRY--PERSONAL NAME
Personal name Vasudevan, DM
Dates associated with a name Author:
9 (RLIN) 23042
245 ## - TITLE STATEMENT
Title Textbook of biochemistry for medical students /
Statement of responsibility, etc. DM Vasudevan
250 ## - EDITION STATEMENT
Edition statement 5th ed
264 ## - PRODUCTION, PUBLICATION, DISTRIBUTION, MANUFACTURE, AND COPYRIGHT NOTICE
Place of production, publication, distribution, manufacture New Delhi :
Name of producer, publisher, distributor, manufacturer Jaypee,
Date of production, publication, distribution, manufacture, or copyright notice 2008.
300 ## - PHYSICAL DESCRIPTION
Extent xvi, 535 pages :
Other physical details illustrations ;
Dimensions 28 cm.
653 ## - INDEX TERM--UNCONTROLLED
keyword Biochemistry Biochimie biochemistry
653 ## - INDEX TERM--UNCONTROLLED
keyword ბიოქიმია
942 ## - ADDED ENTRY ELEMENTS (KOHA)
Source of classification or shelving scheme
Koha item type წიგნი
ეგზემპლარები
Withdrawn status Lost status Source of classification or shelving scheme Damaged status Not for loan Permanent Location Current Location Shelving location Date acquired Cost, normal purchase price Full call number Barcode Date last seen Copy number Uniform Resource Identifier Price effective from Koha item type Public note
          ბათუმის შოთა რუსთაველის სახელმწიფო უნივერსიტეტის მთავარი ბიბლიოთეკა ბათუმის შოთა რუსთაველის სახელმწიფო უნივერსიტეტის მთავარი ბიბლიოთეკა წიგნსაცავი 2024-08-01 20.00 577.1+61 V-30 66097 2024-08-01 66097 ნაჩუქარი 2024-08-01 წიგნი 20.00